Gaming Quiz

Random Gaming Quiz

Spyro 1-3 Bosses Quiz Stats

Quiz not verified by Sporcle

Challenge
Share
Tweet
Embed
Score 0/24 Timer 06:00
0 Plays Today
World/Realm Boss % Correct
Winter TundraRipto
98%
Gnorc Gnexus HomeworldGnasty Gnorc
94.1%
Summer ForestCrush
90.2%
Artisans HomeworldToasty
88.2%
Sunrise SpringBuzz
88.2%
Midnight MountainSorceress
88.2%
Super Bonus RoundSorceress
88.2%
Autumn PlainsGulp
86.3%
Peace Keepers HomeworldDr Shemp
84.3%
Midday GardensSpike
84.3%
Magic Crafters HomeworldBlowhard
78.4%
Beast Makers HomeworldMetalhead
78.4%
World/Realm Boss % Correct
Evening LakeScorch
76.5%
Dream Weavers HomeworldJacques
74.5%
Seashell ShoreBluto
60.8%
MetropolisOx
58.8%
Fireworks FactoryChinese Fire Dragons
58.8%
Frozen AltarsColossus Yeti
56.9%
Crawdad FarmCrawdad King
47.1%
Spooky SwampSleepyhead
43.1%
Starfish ReefManta Ray
41.2%
ScorchBombo
37.3%
Spider TownSpider Queen
37.3%
Bugbot FactoryRobotic Centipede
27.5%

You're not logged in!

Compare scores with friends on all Sporcle quizzes.
Sign Up with Email
OR
Log In

You Might Also Like...

Show Comments

Extras

Top Quizzes Today


Score Distribution

Your Account Isn't Verified!

In order to create a playlist on Sporcle, you need to verify the email address you used during registration. Go to your Sporcle Settings to finish the process.

Report this User

Report this user for behavior that violates our Community Guidelines.

Details: